Miasta w województwie lubuskim - nagła śmierć - Statystyki

Ogólne statystyki
  • Ten quiz został rozwiązany 505 razy
  • Średni wynik to 8 z 18
Answers on the Grid
Answers color-coded by a green-red scale on the quiz's grid according to % correct below.
Gubin
Krzyż Wielkopolski
Zbąszynek
Zbąszyń
Żary
Międzyrzecz
Międzychód
Myślibórz
Głogów
Krosno Odrzańskie
Drezdenko
Kostrzyn
Kostrzyn nad Odrą
Wschowa
Rzepin
Babimost
Strzelce Krajeńskie
Gorzów Wielkopolski
Zielona Góra
Lubusz
Sępólno Krajeńskie
Zgorzelec
Lubsko
Czarnków
Sulechów
Świebodzice
Konin
Żytawa
Chociebuż
Ośno Lubuskie
Mielec
Milicz
Lublin
Międzyrzec Podlaski
Zamość
Opole Lubelskie
Puławy
Chełm
Tomaszów Lubelski
Jelenia Góra
Luboń
Szamotuły
Wronki
Siedlce
Sandomierz
Lubaczów
Stalowa Wola
Ełk
Słubice
Nowa Sól
 
Statystyki odpowiedzi
Odpowiedź % Poprawnych
Gorzów Wielkopolski
61%
Zielona Góra
58%
Kostrzyn nad Odrą
56%
Żary
52%
Międzyrzecz
51%
Nowa Sól
51%
Krosno Odrzańskie
49%
Rzepin
45%
Słubice
45%
Drezdenko
44%
Gubin
42%
Wschowa
42%
Ośno Lubuskie
41%
Babimost
39%
Sulechów
39%
Zbąszynek
36%
Lubsko
35%
Strzelce Krajeńskie
35%
Nie znaleziono quizów pasujących do podanych kryteriów
Rozkład punktacji
Procent ludzi z każdym wynikiem
Percentyl według liczby udzielonych odpowiedzi
Twoja historia wyników
Nie rozwiązałeś tego quizu